000 01924nam a22003017a 4500
003 DO-SdBNP
005 20240412074308.0
007 ta
008 201203b 2000 dr 00| 0 eng d
020 _a9993420085
040 _aDO-SdBNP
_bspa
_cBNPHU
082 4 _aBNPHU RD863.4408
111 1 _aConcurso Literatura ¨Por Nuestro País Primero¨
_d(2000 :
_cPuerto Plata)
_955417
245 1 0 _aOtros cuentos puertoplateños :
_b(antología) /
_cpresentación Lilian Russo de Cueto ; prólogo Diógenes Valdez.
260 _aSanto Domingo :
_bEdiciones Renovación,
_c2001
300 _a125 p. ;
_c22 cm.
490 1 _a"Por nuestro país primero."
505 0 _tEl compromiso de la firma Brugal & Co C. por A. /
_rOsvaldo Brugal Limardo --
_gPresentación /
_rLilian Russo de Cueto --
_tPrólogo /
_rDiógenes Valdez --
_tEl sueño del General /
_rFranklin Álvarez --
_tLa venganza de Margarita Moreno/
_rFranklin Álvarez --
_tUna noche cualquiera de un sábado de diciembre /
_rFranklin Álvarez --
_tEncuentro /
_rWady Musa --
_t"Tómelo usted" /
_rNelson Mercedes Sandoval --
_tÚltima visión de la tía Antonia /
_rSilvio O. Jerez --
_tEl héroe ausente /
_rAglae Echavarría --
_tBrevedad /
_rJohana Goede --
_tLa estrategia del General /
_rLuis Lorenzo Marmolejos --
_tEl abuelo /
_rAndrés Ulloa --
_tLas doce menos cuarto /
_rLuis Lorenzo Marmolejos --
_tLa mejor /
_rDennis Alexander Ripoll Cid --
_tLa dignidad /
_rRamón Peña --
_tCelos /
_rAglae Echavarría --
_tUn amargo recuerdo /
_rAglae Echavarría --
_tPasión inútil /
_rDennis Alexander Ripol Cid.
590 _aInventariado, 2020/VM
590 _aInventariado, 2020/LP
650 1 4 _aCuentos dominicanos
_vColecciones
_9146
650 1 4 _aCertámenes literarios
_91541
650 1 0 _aLiteratura dominicana.
_967
700 1 2 _aValdez, Diógenes,
_d1941-,
_eprólogo
_920511
830 0 _a"Por nuestro país primero."
_977505
910 _aValidado. Control de la calidad EMS
942 _2ddc
_cLBS1
999 _c49233
_d49233